Ciele agrárnej politiky a jej regionalizácia.

Ciele agrárnej politiky v západoeurópskych krajinách a na Slovensku. Inštrumentálne ciele - opatrenia trhovej regulácie a štrukturálna politika. Potreba regionalizácie agrárnej politiky. Kroky špecifikácie regionálnej agrárnej politiky: identifikácia funkcií poľnohosp. výroby v regióne; podmienky pr...

Descripción completa

Guardado en:
Detalles Bibliográficos
Autor principal: Blaas, Gejza
Formato: Capítulo de libro
Lenguaje:eslovaco
Materias:
Etiquetas: Agregar Etiqueta
Sin Etiquetas, Sea el primero en etiquetar este registro!

MARC

LEADER 00000naa a2200000 4500
001 r013062
005 20221213122713.0
041 0 |a slo 
044 |a SK 
245 1 0 |a Ciele agrárnej politiky a jej regionalizácia.  |c G. Blaas 
520 |a Ciele agrárnej politiky v západoeurópskych krajinách a na Slovensku. Inštrumentálne ciele - opatrenia trhovej regulácie a štrukturálna politika. Potreba regionalizácie agrárnej politiky. Kroky špecifikácie regionálnej agrárnej politiky: identifikácia funkcií poľnohosp. výroby v regióne; podmienky pre plnenie funkcií; identifikácia rozvojových možností; formy stimulačných a podporných opatrení. 
610 2 0 |a politika poľnohospodárska 
610 2 0 |a západná Európa 
610 2 0 |a Slovensko 
610 2 0 |a regionalizácia 
610 2 0 |a regulácia trhu 
610 2 0 |a podpory 
610 2 0 |a výroba poľnohospodárska 
610 2 0 |a stimulovanie 
100 1 |a Blaas, Gejza